'H' Populated Places in Nebraska - Statistics

General Stats
  • This quiz has been taken 4 times
  • The average score is 5 of 65
Answer Stats
Populated Place % Correct
Hastings
75%
Henry
50%
Hampton
25%
Harrisburg
25%
Harrison
25%
Hartington
25%
Harvard
25%
Hayes Center
25%
Henderson
25%
Heun
25%
Highland
25%
Holland
25%
Homer
25%
Hoskins
25%
Houston
25%
Humphrey
25%
Hadar
0%
Haig
0%
Haigler
0%
Hallam
0%
Halsey
0%
Hamlet
0%
Hansen
0%
Harbine
0%
Hardy
0%
Havens
0%
Hayland
0%
Haymarket
0%
Hay Springs
0%
Hazard
0%
Heartwell
0%
Hebron
0%
Hecla
0%
Helvey
0%
Hemingford
0%
Hendley
0%
Herman
0%
Hershey
0%
Hickman
0%
Hildreth
0%
Hire
0%
Hoag
0%
Hoagland
0%
Hoffland
0%
Holbrook
0%
Holdrege
0%
Hollinger
0%
Holmesville
0%
Holstein
0%
Homerville
0%
Hooper
0%
Hope
0%
Horace
0%
Hordville
0%
Horn
0%
Howard City
0%
Howard City/Boelus
0%
Howe
0%
Howells
0%
Hubbard
0%
Hubbell
0%
Humboldt
0%
Huntley
0%
Huntsman
0%
Hyannis
0%
No matching quizzes found
Score Distribution
Percent of People with Each Score
Percentile by Number Answered
Your Score History
You have not taken this quiz